Irish cities - Sudden Death - Statistics

General Stats
  • This quiz has been taken 71 times
  • The average score is 7 of 10
Answers on the Grid
Answers color-coded by a green-red scale on the quiz's grid according to % correct below.
Cork
Galway
Limerick
Kilkenny
Sligo
Waterford
Dun Dealgan
Droichead Átha
Cill Airne
Trá Li
Waterloo
Aberystwyth
Douglas
Burgas
Visby
Scutari
Trondheim
Banff
Bled
Rostock
 
Answer Stats
Answer % Correct
Limerick
86%
Cork
84%
Galway
84%
Waterford
78%
Kilkenny
76%
Sligo
72%
Cill Airne
62%
Droichead Átha
60%
Dun Dealgan
59%
Trá Li
50%
No matching quizzes found
Score Distribution
Percent of People with Each Score
Percentile by Number Answered
Your Score History
You have not taken this quiz